000 00332nam a2200133Ia 4500
008 150201s2006 xx 000 0 und d
082 _a610.69
_bR06W
100 _aWHO
245 _aREGIONAL GUIDELINE FOR MGT.-MALARIA
250 _aIST
260 _bWHO
_aUBS
_c2006
650 _aOTHER CLINICAL & NON CLINICAL BOOKS
942 _2ddc
_cBK
999 _c462
_d462